000 00574nam a22002297a 4500
003 UA-OsUOA
001 41098
007 ta
008 20080718b un ||||| |||| 00| 0 ukr d
100 _aПогрібний Анатолій
090 _a323
_bП43
942 _cBK
040 _aUA-OsUOA
_bukr
_cUA-OsUOA
_dUA-OsUOA
245 _aСвітовий мовний досвід та українські реалії
300 _a70 с.
955 _a1
041 _aukr
080 _a323
260 _aК.
_c2003
650 7 _a32 Політика
_2UDC
999 _c439603
_d439603